Design of Machine Elements (Record no. 7816)

000 -LEADER
fixed length control field 00427nam a2200169Ia 4500
008 - FIXED-LENGTH DATA ELEMENTS--GENERAL INFORMATION
fixed length control field 200103s9999||||xx |||||||||||||| ||und||
020 ## - INTERNATIONAL STANDARD BOOK NUMBER
International Standard Book Number 9780137758180
082 ## - DEWEY DECIMAL CLASSIFICATION NUMBER
Classification number 621.815
Item number SPO
100 ## - MAIN ENTRY--PERSONAL NAME
Personal name Spotts, M. F.
245 #0 - TITLE STATEMENT
Title Design of Machine Elements
250 ## - EDITION STATEMENT
Edition statement 7th Ed.
260 ## - PUBLICATION, DISTRIBUTION, ETC. (IMPRINT)
Name of publisher, distributor, etc Prentice-Hall of India,
Date of publication, distribution, etc 1991
Place of publication, distribution, etc New Delhi
300 ## - PHYSICAL DESCRIPTION
Extent xviii, 829p.
650 ## - SUBJECT ADDED ENTRY--TOPICAL TERM
Topical term or geographic name as entry element Machine design
650 ## - SUBJECT ADDED ENTRY--TOPICAL TERM
Topical term or geographic name as entry element Lubrication
942 ## - ADDED ENTRY ELEMENTS (KOHA)
Item type Books
Holdings
Withdrawn status Lost status Source of classification or shelving scheme Damaged status Not for loan Collection code Permanent location Current location Shelving location Date acquired Full call number Barcode Date last seen Koha item type Public note
          Reference IMU-MPC Library IMU-MPC Library General Stacks 2020-01-08 621.815 SPO MPCFR80 2025-03-17 Books Column-33
          Non-fiction IMU-MPC Library IMU-MPC Library General Stacks 2022-07-15 621.815 SPO LBS11079 2025-03-17 Books Column-33
Copyright © 2021 Indian Maritime University, Mumbai Port Campus. All Rights Reserved. Managed & Maintained by Central Library, IMU-Mumbai

webs counters

Powered by Koha